[Event "AUTO-INT-3941"]
[Site "http://www.queenalice.com/game.php?id=1861274"]
[Date "2025.8.7"]
[Round "1"]
[White "Anusha"]
[Black "game"]
[Result "0-1"]
[WhiteElo "1557"]
[BlackElo "1718"]

1. d4 d5 2. Bf4 Nf6 3. e3 Nc6 4. c3 e6 5. Bd3 Be7 6. Nd2 O-O 7. h3 Ne4 8. Nxe4
dxe4 9. Bxe4 f5 10. Bd3 b6 11. Nf3 Re8 12. Bb5 Bd7 13. Qb3 Na5 14. Qa4 Bxb5 15.
Qxb5 Bd6 16. Be5 Rf8 17. O-O Bxe5 18. Nxe5 Rf6 19. Rad1 f4 20. Qd3 c5 21. Qe4 c4
22. exf4 Rc8 23. Rfe1 Rc7 0-1

[Event "AUTO-INT-3941"]
[Site "http://www.queenalice.com/game.php?id=1861295"]
[Date "2025.8.7"]
[Round "1"]
[White "caradepau"]
[Black "Anusha"]
[Result "0-1"]
[WhiteElo "1653"]
[BlackElo "1809"]

1. e4 c5 2. Bc4 Nc6 3. a3 Nf6 4. d3 d6 5. h3 e6 6. Nf3 Be7 7. Nc3 O-O 8. O-O a6
9. Bf4 b5 10. Ba2 Bb7 11. Qe2 h6 12. Nh2 Nd4 13. Qd1 Rc8 14. Be3 Qc7 15. Bxd4
cxd4 16. Ne2 e5 17. Ng3 Qxc2 18. Qxc2 Rxc2 19. Rfc1 Rfc8 20. Rxc2 Rxc2 21. b4
Kf8 22. Nf5 Nh5 23. Nxe7 Kxe7 24. g4 Nf4 25. Bb3 Rc3 26. Bd1 Nxh3+ 27. Kg2 Nf4+
28. Kh1 Nxd3 29. Kg1 Bxe4 30. f3 Bd5 31. a4 Nxb4 32. axb5 axb5 33. Be2 Bc4 34.
Bxc4 bxc4 35. Ra7+ Ke6 36. Kg2 Nd5 37. Kg3 Rb3 38. Kh4 c3 39. Kh5 c2 40. Ra1 Rb1
41. Rxb1 cxb1=Q 42. g5 Qg6+ 43. Kg4 Qxg5+ 44. Kh3 Nf4# 0-1

[Event "AUTO-INT-3941"]
[Site "http://www.queenalice.com/game.php?id=1861296"]
[Date "2025.8.7"]
[Round "1"]
[White "Anusha"]
[Black "caradepau"]
[Result "1-0"]
[WhiteElo "1842"]
[BlackElo "1636"]

1. d4 d5 2. Bf4 Bf5 3. e3 a6 4. Nd2 e6 5. Ngf3 h6 6. Be2 Nc6 7. O-O Nb4 8. c3
Nc6 9. a3 Bd6 10. Bxd6 Qxd6 11. c4 Nf6 12. b4 O-O 13. c5 Qe7 14. Qb3 a5 15. b5
a4 16. Qb2 Nd8 17. Rac1 g5 18. Ne5 c6 19. Ndf3 cxb5 20. Qxb5 Kg7 21. Bd1 Be4 22.
Nd2 Bg6 23. Nxg6 Qe8 24. Qxe8 Rxe8 25. Ne5 b5 26. Rb1 Ra5 27. Be2 h5 28. Bxb5
Rh8 29. Rb4 g4 30. Bd3 h4 31. Rb8 h3 32. Rfb1 hxg2 33. Kxg2 Nh5 34. Nxg4 Nf6 35.
Nxf6 Kxf6 36. Nf3 Rg8+ 37. Kf1 Kg7 38. Ne5 f6 39. Rxd8 Rxd8 40. Nc6 Raa8 41.
Nxd8 Rxd8 42. Rb4 e5 43. Rxa4 Kh6 44. Ra6 Rg8 45. Rxf6+ Kh5 46. Rf5+ Kh4 47.
Rxe5 Kh3 48. Rxd5 Kxh2 49. Rh5# 1-0

[Event "AUTO-INT-3942"]
[Site "http://www.queenalice.com/game.php?id=1861920"]
[Date "2025.8.23"]
[Round "1"]
[White "Anusha"]
[Black "tche_elvio"]
[Result "1-0"]
[WhiteElo "1573"]
[BlackElo "1459"]

1. c4 g6 2. g3 Bg7 3. Bg2 c5 4. Nc3 Nf6 5. d3 O-O 6. Nf3 Nc6 7. O-O h5 8. a3 e6
9. Bg5 b6 10. Rb1 Bb7 11. Ne4 Nd4 12. Nfd2 Qc8 13. Nxf6+ Bxf6 14. Bxf6 Bxg2 15.
Kxg2 Qc6+ 16. Kg1 d5 17. Bxd4 cxd4 18. Rc1 dxc4 19. Rxc4 Qb5 20. Qc1 Rac8 21.
Rxc8 Rxc8 22. Qxc8+ Kg7 23. b4 a5 24. Qc4 1-0

[Event "AUTO-INT-3942"]
[Site "http://www.queenalice.com/game.php?id=1861921"]
[Date "2025.8.23"]
[Round "1"]
[White "tche_elvio"]
[Black "Anusha"]
[Result "0-1"]
[WhiteElo "1469"]
[BlackElo "1603"]

1. e4 c5 2. g3 d6 3. Bg2 Nc6 4. d3 Nf6 5. Nf3 Bg4 6. O-O Nd4 7. Na3 g6 8. Nc4
Bg7 9. Be3 Nc6 10. a3 O-O 11. c3 b5 12. Ncd2 a5 13. b4 axb4 14. axb4 cxb4 15.
Rxa8 Qxa8 16. cxb4 Nxb4 17. Qa1 Nxd3 18. e5 Qxa1 19. Rxa1 dxe5 20. h4 Nd5 21.
Ne4 Nxe3 22. fxe3 Bf5 23. Nfg5 h6 24. Nc3 hxg5 25. hxg5 e4 26. Bxe4 Bxc3 0-1

[Event "AUTO-INT-3942"]
[Site "http://www.queenalice.com/game.php?id=1861924"]
[Date "2025.8.23"]
[Round "1"]
[White "Anusha"]
[Black "StepPhil"]
[Result "1-0"]
[WhiteElo "1701"]
[BlackElo "1464"]

1. c4 e5 2. Nc3 c6 3. d3 h6 4. g3 Qf6 5. Bg2 Bc5 6. Nf3 d6 7. O-O g5 8. Ne4 Qe7
9. Nxc5 dxc5 10. Rb1 b6 11. b3 b5 12. cxb5 cxb5 13. Bb2 Nc6 14. Nxe5 1-0

[Event "AUTO-INT-3944"]
[Site "http://www.queenalice.com/game.php?id=1862964"]
[Date "2025.9.13"]
[Round "1"]
[White "game"]
[Black "Anusha"]
[Result "0-1"]
[WhiteElo "1683"]
[BlackElo "1610"]

1. e4 c5 2. Nf3 Nc6 3. Bc4 d6 4. Ng5 e6 5. d3 Be7 6. h4 a6 7. Qf3 Nf6 8. b3 Nd4
9. Qg3 Nxc2+ 10. Kf1 Nxa1 11. d4 cxd4 12. Bb2 Nc2 13. Ke2 Nb4 14. Bxd4 Bd7 15.
e5 dxe5 16. Qxe5 Nc6 17. Qf4 Nxd4+ 18. Qxd4 O-O 19. Rd1 Bc6 20. Qe5 Qb6 21. f3
Rad8 22. Bxe6 Bb5+ 23. Bc4 Bxc4+ 24. bxc4 Rxd1 25. Kxd1 Qxb1+ 26. Ke2 Bb4 27.
Kf2 Re8 28. Qh2 Qe1# 0-1

[Event "AUTO-INT-3944"]
[Site "http://www.queenalice.com/game.php?id=1862965"]
[Date "2025.9.13"]
[Round "1"]
[White "Anusha"]
[Black "game"]
[Result "1-0"]
[WhiteElo "1627"]
[BlackElo "1649"]

1. d4 c6 2. Bf4 d5 3. e3 Bf5 4. Nf3 e6 5. Nbd2 Bb4 6. c3 Bd6 7. Bxd6 Qxd6 8. Be2
Nf6 9. O-O Be4 10. c4 Ng4 11. cxd5 Bxd5 12. h3 Bxf3 13. Nxf3 Nf6 14. Rc1 O-O 15.
a3 Rd8 16. Qb3 b5 17. Rfd1 Nd5 18. Bd3 Nd7 19. Bb1 Rab8 20. Qc2 N7f6 21. e4 Nxe4
22. Qxe4 f5 23. Qc2 Nf4 24. Re1 Rbc8 25. Qb3 h5 26. Bxf5 g6 27. Bb1 a5 28. Qe3
Nd5 29. Qh6 Kf7 30. Qxg6+ Ke7 31. Qg7+ Ke8 32. Bg6# 1-0

[Event "AUTO-INT-3946"]
[Site "http://www.queenalice.com/game.php?id=1863871"]
[Date "2025.10.6"]
[Round "1"]
[White "JoseMessias"]
[Black "Anusha"]
[Result "0-1"]
[WhiteElo "1622"]
[BlackElo "1775"]

1. g3 Nf6 2. Bg2 d5 3. d4 c6 4. Nf3 Bf5 5. Ne5 e6 6. Bg5 Be7 7. Nd2 Nbd7 8. e3
O-O 9. h4 h6 10. Bxf6 Bxf6 11. g4 Bh7 12. Nxd7 Qxd7 13. Bh3 Qc7 14. g5 hxg5 15.
hxg5 Bxg5 16. Qh5 Bh6 17. O-O-O c5 18. Nb3 cxd4 19. Nxd4 Rac8 20. c3 a6 21. f4
b5 22. Nxe6 fxe6 23. Bxe6+ Kh8 24. Bxc8 Rxc8 25. Rxd5 Be4 26. Re5 Bxh1 27. Qxh1
Qc4 28. Kc2 Qxa2 29. Qe4 Qf7 30. Re6 a5 31. Qe5 b4 32. Rxh6+ Kg8 33. Ra6 bxc3
34. b3 Qd7 35. Rxa5 Qd2+ 36. Kb1 Qb2# 0-1

[Event "AUTO-INT-3947"]
[Site "http://www.queenalice.com/game.php?id=1864172"]
[Date "2025.10.13"]
[Round "1"]
[White "game"]
[Black "Anusha"]
[Result "0-1"]
[WhiteElo "1620"]
[BlackElo "1765"]

1. e4 c5 2. Bc4 Nc6 3. Qf3 Nf6 4. d3 Ne5 5. Qf4 Nxc4 6. dxc4 d6 7. Nc3 a6 8. Nf3
e6 9. Be3 Be7 10. Qg3 Bd7 11. Qxg7 Rg8 12. Qh6 Qb6 13. Bg5 Qxb2 14. O-O Qxc3 15.
e5 Rg6 16. Qh4 dxe5 17. Bxf6 Bxf6 18. Qxh7 Ke7 19. Qh3 Rh8 20. Nh4 Qxh3 21.
Nxg6+ fxg6 22. gxh3 Bc6 23. f3 Rxh3 24. Kg2 Rh8 25. h3 e4 26. fxe4 Bxa1 27. Rxa1
Bxe4+ 28. Kg3 Bxc2 29. Kg4 Bf5+ 30. Kg5 Rxh3 31. Rb1 Bxb1 0-1

[Event "AUTO-INT-3947"]
[Site "http://www.queenalice.com/game.php?id=1864173"]
[Date "2025.10.13"]
[Round "1"]
[White "Anusha"]
[Black "game"]
[Result "1-0"]
[WhiteElo "1665"]
[BlackElo "1624"]

1. c4 c5 2. Nc3 e5 3. g3 d6 4. Bg2 Nc6 5. d3 Bf5 6. Nf3 Nb4 7. O-O Nf6 8. a3 Nc6
9. Rb1 Nd4 10. Bg5 h5 11. h4 Qd7 12. b4 Nxf3+ 13. Bxf3 Ng4 14. bxc5 dxc5 15.
Rxb7 Qd4 16. Bc6+ Bd7 17. Bxd7+ Qxd7 18. Rxd7 Kxd7 19. Qa4+ Ke6 20. Qc6+ Bd6 21.
Ne4 Rhc8 22. Qxd6+ Kf5 23. Rb1 f6 24. Bd2 Rcb8 25. Rxb8 Rxb8 26. Qxb8 g5 27.
hxg5 fxg5 28. Qxa7 Nf6 29. Nxf6 Kxf6 30. Qxc5 1-0

[Event "AUTO-ADV-4900"]
[Site "http://www.queenalice.com/game.php?id=1864717"]
[Date "2025.10.25"]
[Round "1"]
[White "game"]
[Black "Anusha"]
[Result "0-1"]
[WhiteElo "1600"]
[BlackElo "1796"]

1. e4 c5 2. Nf3 Nc6 3. Bc4 d6 4. d4 cxd4 5. Nxd4 Nf6 6. c3 Bd7 7. Bb5 Nxe4 8. a4
e6 9. O-O Be7 10. Re1 Nf6 11. Qf3 Nxd4 12. cxd4 O-O 13. Nc3 Rc8 14. Qxb7 Bxb5
15. Nxb5 Rc2 16. Nxa7 d5 17. Nc6 Qd7 18. Nxe7+ Kh8 19. Qb4 Re8 20. Qb3 Rc4 21.
Nxd5 Qxd5 22. Be3 Rec8 23. a5 Qh5 24. a6 Ng4 25. a7 Qxh2+ 26. Kf1 Qh1+ 27. Ke2
Rc2+ 28. Kf3 Qh5 29. a8=Q Ne5+ 30. Ke4 Qf5# 0-1

[Event "AUTO-ADV-4900"]
[Site "http://www.queenalice.com/game.php?id=1864718"]
[Date "2025.10.25"]
[Round "1"]
[White "Anusha"]
[Black "game"]
[Result "1-0"]
[WhiteElo "1839"]
[BlackElo "1526"]

1. d4 d5 2. Bf4 Bf5 3. e3 Qd7 4. Nf3 Nc6 5. c3 e6 6. Nbd2 Nf6 7. h3 O-O-O 8. Be2
Bd6 9. Ne5 Bxe5 10. dxe5 Ne4 11. Nxe4 Bxe4 12. O-O f5 13. b4 Qf7 14. a4 Qg6 15.
f3 d4 16. fxe4 dxe3 17. Qc1 fxe4 18. Qxe3 Rd7 19. Bb5 Rhd8 20. Bxc6 Rd2 21.
Bxb7+ Kxb7 22. Rf2 R2d3 23. Qe1 h5 24. Kh1 Qf5 25. b5 g5 26. Be3 Qxe5 27. Bd4
Qxd4 28. cxd4 R8xd4 29. Re2 h4 30. Rxe4 Rd5 31. Rc1 Ra3 32. Rec4 e5 33. Rxc7+
Kb6 34. Qf2+ Ka5 35. Qxa7+ Kb4 36. R7c4+ Kb3 37. Qe3+ Kb2 38. R4c2# 1-0